[Event "Praia op 1st"]
[Site "Praia a Mare"]
[Date "2007.04.05"]
[Round "1"]
[White "Cordi, Domenico"]
[Black "Calomeni, Gianpaolo"]
[Result "1-0"]
[WhiteElo "2084"]
[BlackElo "1503"]
[PlyCount "125"]
[EventDate "2007.04.05"]
[EventType "swiss"]
[EventRounds "5"]
[EventCountry "ITA"]
[SourceTitle "EXT 2023"]
[Source "ChessBase"]
[SourceDate "2022.10.05"]
[SourceVersion "1"]
[SourceVersionDate "2022.10.05"]
[SourceQuality "1"]

1. Nf3 Nf6 2. d4 e6 3. c4 b6 4. a3 Bb7 5. Nc3 d5 6. e3 Nbd7 7. Bd3 Be7 8. 0-0 0-0 9. b4 Ne4 10. Bxe4 dxe4 11. Nd2 Nf6 12. Qc2 c5 13. bxc5 bxc5 14. Bb2 cxd4 15. exd4 Qxd4 16. Nd5 Qc5 17. Nxf6+ gxf6 18. Nxe4 Qf5 19. Nxf6+ Bxf6 20. Qxf5 exf5 21. Bxf6 Rac8 22. c5 Rfe8 23. Rfe1 Re6 24. Be7 Rxe1+ 25. Rxe1 Re8 26. f3 f6 27. Kf2 Kf7 28. Bd6 Rxe1 29. Kxe1 Ke6 30. Kd2 h5 31. Ke3 Bc6 32. h4 Kd5 33. g4 fxg4 34. fxg4 hxg4 35. Kf4 Bd7 36. h5 g3 37. Kxg3 Bf5 38. Kf4 Bc2 39. Ke3 Bh7 40. h6 a6 41. Kd2 Kc6 42. Kc3 Kb5 43. Kd4 Kc6 44. Be7 f5 45. Bg5 Bg6 46. Be3 Bh7 47. Ke5 a5 48. Bf2 a4 49. Kf6 f4 50. Kg7 Bd3 51. h7 Bxh7 52. Kxh7 f3 53. Kg6 Kc7 54. Kf5 Kc6 55. Ke4 Kc7 56. Kxf3 Kc6 57. Ke4 Kd7 58. Kd5 Kc7 59. Bg3+ Kd7 60. c6+ Kc8 61. Kc5 Kd8 62. Kb5 Kc8 63. Kb6 1-0

[Event "Calabria Province-ch"]
[Site "Catanzaro"]
[Date "2006.06.03"]
[Round "4"]
[White "Bellisario, Carlo"]
[Black "Calomeni, Gianpaolo"]
[Result "0-1"]
[WhiteElo "1700"]
[BlackElo "1440"]
[PlyCount "48"]
[EventDate "2006.06.02"]
[EventType "swiss"]
[EventRounds "6"]
[EventCountry "ITA"]
[SourceTitle "EXT 2024"]
[Source "ChessBase"]
[SourceDate "2023.10.10"]
[SourceVersion "1"]
[SourceVersionDate "2023.10.10"]
[SourceQuality "1"]

1. c4 e5 2. Nc3 Nc6 3. g3 Bb4 4. Bg2 Bxc3 5. dxc3 d6 6. e3 Nf6 7. Ne2 Bd7 8. 0-0 0-0 9. b4 a6 10. a4 Re8 11. Bb2 e4 12. Qd2 Ne5 13. c5 Bh3 14. Nd4 dxc5 15. bxc5 Bg4 16. Qc2 Nf3+ 17. Nxf3 Bxf3 18. Bxf3 exf3 19. Qf5 Qd2 20. Rab1 Rxe3 21. Bc1 Qd3 22. Qg5 Re6 23. Rxb7 Rd8 24. h3 Qxf1+ 0-1